000 00316nam a22001457a 4500
008 230125b ||||| |||| 00| 0 eng d
020 _a30601706
041 _aeng
080 _2VOLUME XXXI
_a615.83
082 _a615.83KAE
100 _a16.2
101 _aEGZF
245 _aMYCOLOGIA
_cK.A.E.S
942 _2udc
_cBK
999 _c59277
_d59277